000 00919nam a22002897a 4500
003 CHAP
005 20220329133415.0
008 971013s1989 r 00010 d
010 _a6021
011 _a6993
035 _a6216
040 _cCHAP
082 _a664.92
_bO32
100 0 0 _aO'Grady, J. F.
_982353
245 _aNew techniques in pig carcass evaluation
_b: symposium of ...
260 _aWageningen :
_bPudoc,
_c1989
300 _a105 p.
_b: ilus.
500 _a60-163
590 _aBATCH-UPD
_b10
_c20130110
_lUCH01
_h0050
590 _aBATCH-UPD
_b10
_c20130110
_lUCH01
_h2205
590 _aCONVERSION
_b10
_c20130109
_lUCH01
_h1304
650 1 4 _aCarne de puerco en canal.
_919188
711 0 _aSymposium of the Commission on Pig Production (1988 : Helsinki, Finland)
_9110964
901 _aBK
942 _cLIBRO
949 _a664.92 O32
_bBC
_cLIBRO
_d33724000131926
_eLIBRO
_gI.166706
_h83015
_i6216
_si
_t140.00
999 _c6021
_d6021